000 00621nam a2200241 a 4500
001 0001-1081
003 ELIB.Books
008 150114 2010 eng
020 _a9780802822192
035 _a(ELIB.Books)0001-1236
092 _a225
_bBru
100 _aBruce. F. F.
245 _aThe New Testament Documents
260 _aGrand Rapids
_bWilliam B. Eerdmans Publishing Company
_c1981
300 _a135
_c21 Cm
500 _aLibrary
650 _aNew Testament
856 _nKBTS; Library
_uKBTS; Elib.
942 _2ddc
_cBK
990 _a1
998 _cbat
_e2015-01-14
999 _c11081
_d11081